La Tierra y la evolución humana (Registro nro. 3331)

Detalles MARC
000 -LEADER
fixed length control field 01614 a2200229 4500
001 - CONTROL NUMBER
control field 40989
005 - DATE AND TIME OF LATEST TRANSACTION
control field 20260407155703.0
008 - FIXED-LENGTH DATA ELEMENTS--GENERAL INFORMATION
fixed length control field 260407a1955 arg spa d
003 - CONTROL NUMBER IDENTIFIER
control field AR-UNSa-BCEJYS
040 ## - CATALOGING SOURCE
Original cataloging agency AR-UNSa-BCEJYS
Language of cataloging spa
Transcribing agency AR-UNSa-BCEJYS
080 ## - UNIVERSAL DECIMAL CLASSIFICATION NUMBER
Universal Decimal Classification number 911.3
Common auxiliary subdivision Geografía humana. Geografía de los factores culturales
041 ## - LANGUAGE CODE
Language code of text/sound track or separate title spa
100 1# - MAIN ENTRY--PERSONAL NAME
Personal name Pericot Garcia, Luis
245 10 - TITLE STATEMENT
Title La Tierra y la evolución humana
Name of part/section of a work introducción geográfica a la historia
264 #1 - PRODUCTION, PUBLICATION, DISTRIBUTION, MANUFACTURE, AND COPYRIGHT NOTICE
Place of production, publication, distribution, manufacture México :
Name of producer, publisher, distributor, manufacturer Unión Tipográfica Editorial Hispano-Americana (UTEHA)
Date of production, publication, distribution, manufacture, or copyright notice 1955
300 ## - PHYSICAL DESCRIPTION
Extent xxi, 377 p.
Dimensions 23 cm.
505 ## - FORMATTED CONTENTS NOTE
Formatted contents note Parte Primera: Como plantear el problema. La cuestión del metódo. 1. Morfología social o geografía humana - 2. La cuestión de principio y el método de investigación. La evolución humana y la histórica - Parte Segunda: Marcos naturales y sociedades humanas. 1. El problema de las divisiones. El clima y la vida - 2. Determinación de los marcos naturales - 3. El hombre en la naturaleza: individuos o sociedades - Parte Tercera: Posibilidades y genero de vida. 1. Puntos de apoyo: montañas, llanuras y mesetas - 2. Pequeños marcos naturales: unidades insulares - 3. Noción de modo de vida. Pueblos cazadores y pescadores - 4. Pastores y agricultores, nómadas y sedentarios - Parte Cuarta: Agrupaciones políticas y agrupaciones humanas. 1. El problema de las fronteras y las regiones naturales de los estados - 2. Circulación. Vías de comunicación - 3. Las ciudades
590 ## - LOCAL NOTE (RLIN)
Local note niveau_biblio:m niveau_hierar:0
700 1# - ADDED ENTRY--PERSONAL NAME
Personal name Bataillon, Lionel
700 1# - ADDED ENTRY--PERSONAL NAME
Personal name Febvre, Luciano
942 ## - ADDED ENTRY ELEMENTS (KOHA)
Koha item type
Existencias
Withdrawn status Lost status Damaged status Not for loan Home library Current library Shelving location Date acquired Total checkouts Full call number Barcode Date last seen Price effective from Koha item type
        Biblioteca Prof. Eusebio Cleto del Rey Biblioteca Prof. Eusebio Cleto del Rey   07/04/2026   911.3 F289 L20374 07/04/2026 07/04/2026 Libro